<?xml version='1.0' encoding='UTF-8'?>
  <record xmlns="http://www.loc.gov/MARC21/slim">
    <leader>00000cam a22000007i 4500</leader>
    <controlfield tag="001">ocm65363925</controlfield>
    <controlfield tag="003">OCoLC</controlfield>
    <controlfield tag="005">20250401151035.6</controlfield>
    <controlfield tag="008">900517s1789    ne            000 0 dut d</controlfield>
    <datafield tag="040" ind1=" " ind2=" ">
      <subfield code="a">NLGGC</subfield>
      <subfield code="b">dut</subfield>
      <subfield code="e">fobidrtb</subfield>
      <subfield code="c">NLGGC</subfield>
      <subfield code="d">QGJ</subfield>
      <subfield code="d">OCLCQ</subfield>
    </datafield>
    <datafield tag="026" ind1=" " ind2=" ">
      <subfield code="e">178904 - b1 A2 e$de : b2 F3 He</subfield>
      <subfield code="2">stcnf</subfield>
    </datafield>
    <datafield tag="029" ind1="0" ind2=" ">
      <subfield code="a">NLGGC</subfield>
      <subfield code="b">061671444</subfield>
    </datafield>
    <datafield tag="035" ind1=" " ind2=" ">
      <subfield code="a">(OCoLC)65363925</subfield>
    </datafield>
    <datafield tag="041" ind1="1" ind2=" ">
      <subfield code="a">dut</subfield>
      <subfield code="h">fre</subfield>
    </datafield>
    <datafield tag="130" ind1="0" ind2=" ">
      <subfield code="a">Jean de Paris.</subfield>
    </datafield>
    <datafield tag="245" ind1="1" ind2="4">
      <subfield code="a">Een schoone historie van den edele Jan van Parys, koning van Frankrijk, die door zijn groote vroomigheid, geschiktheid en subtielheid verkreeg en trouwde de dochter des konings van Spanjen, dewelke ondertrouwd was met de koning van Engeland :</subfield>
      <subfield code="b">zeer plaizant om te leezen.</subfield>
    </datafield>
    <datafield tag="246" ind1="3" ind2=" ">
      <subfield code="a">Jan van Parijs</subfield>
    </datafield>
    <datafield tag="260" ind1=" " ind2=" ">
      <subfield code="a">Te Amsteldam, :</subfield>
      <subfield code="b">By S. en W. Koene,</subfield>
      <subfield code="c">1789.</subfield>
    </datafield>
    <datafield tag="300" ind1=" " ind2=" ">
      <subfield code="a">48 p. :</subfield>
      <subfield code="b">ill. ;</subfield>
      <subfield code="c">in-4 (19 cm)</subfield>
    </datafield>
    <datafield tag="336" ind1=" " ind2=" ">
      <subfield code="a">tekst</subfield>
      <subfield code="b">txt</subfield>
      <subfield code="2">rdacontent/dut</subfield>
    </datafield>
    <datafield tag="337" ind1=" " ind2=" ">
      <subfield code="a">zonder medium</subfield>
      <subfield code="b">n</subfield>
      <subfield code="2">rdamedia/dut</subfield>
    </datafield>
    <datafield tag="338" ind1=" " ind2=" ">
      <subfield code="a">band</subfield>
      <subfield code="b">nc</subfield>
      <subfield code="2">rdacarrier/dut</subfield>
    </datafield>
    <datafield tag="500" ind1=" " ind2=" ">
      <subfield code="a">Impressum: Te Amsteldam, By S. en W. Koene, Boekdrukkers, Boek- en Papierverkoopers, op de Linde-gragt, 1789.</subfield>
    </datafield>
    <datafield tag="500" ind1=" " ind2=" ">
      <subfield code="a">Collatie: A-F4.</subfield>
    </datafield>
    <datafield tag="510" ind1="4" ind2=" ">
      <subfield code="a">Short title catalogue Netherlands,</subfield>
      <subfield code="c">183625315</subfield>
    </datafield>
    <datafield tag="530" ind1=" " ind2=" ">
      <subfield code="a">Titel is geselecteerd voor digitalisering voor de Universiteit van Leiden in het kader van het Google Books-project.</subfield>
    </datafield>
    <datafield tag="710" ind1="0" ind2=" ">
      <subfield code="a">Koene, S. en W. (Amsterdam)</subfield>
      <subfield code="4">prt</subfield>
      <subfield code="0">(NL-LeOCL)077138007</subfield>
    </datafield>
    <datafield tag="776" ind1="0" ind2=" ">
      <subfield code="t">Een schoone historie van den edele Jan van Parys, koning van Frankrijk, die door zijn groote vroomigheid, geschiktheid en subtielheid verkreeg en trouwde de dochter des konings van Spanjen, dewelke ondertrouwd was met de koning van Engeland</subfield>
      <subfield code="w">(NL-LeOCL)411392654</subfield>
    </datafield>
    <datafield tag="936" ind1=" " ind2=" ">
      <subfield code="a">BATCHLOAD</subfield>
    </datafield>
  </record>